000 01549nam a2200541 a 4500
001 22956
003 SK-KTurca
005 20260513075058.0
008 251113s2003RRRRxo a g e 0010yyslo
015 _aSNBA2003/10-03865
020 _a8071185531
035 _aSNK000408967
040 _aSNK
_bslo
_cSNK
_eAACR2
041 0 _aslo
043 _ae------
044 _axo
_cSK
072 7 _a58
080 _a582(084.12)
_22. slo
080 _a582.091
080 _a(4)
080 _a582.091/.097
080 _a(035)
080 _a(084.42)
100 1 _aKremer, Bruno P.,
_d1946-
_4aut
240 1 0 _aMosaik
_lSlovensky
245 1 0 _aStromy
_cBruno P. Kremer ; kresby Hans Held ; [z nemeckého originálu preložila Alica Hindáková]
250 _a2. vyd.
260 _aBratislava
_bIkar
_c2003
300 _a287 s.
_bfareb. fotogr.
_c20 cm
490 1 _aSprievodca prírodou
500 _aFotogr. na tit. strane
500 _aÚdaj o prekl. prevzatý z rubu tit. strany
504 _aBibliogr. s. 285. Terminologický slovník. Reg. slov. a lat. náz.
650 0 7 _astromy
_xatlasy
_2SNK
650 0 7 _aatlasy
_xstromy
_2SNK
650 0 7 _astromy
_zEurópa
_2SNK
650 0 7 _adreviny
_2SNK
650 0 7 _abotanika
655 7 _apríručky
_2SNK
655 7 _apríručky
655 7 _aatlasy
700 1 _aHeld, Hans
_d1914-
_4ill
700 1 _aHindáková, Alica,
_d1968-
_4trl
730 _tMosaik
830 0 _aSprievodca prírodou
942 _2ddc
_cOLDO
_n0
999 _c22956
_d22956